000 00264nam a22000857a 4500
008 160711b xxu||||| |||| 00| 0 eng d
100 _92538
_a Harris, H.W
245 _aThe Natural History of Pulmonary Tuberculosis
260 _aNew Delhi
_b World Health Organization
_c2001
999 _c2203
_d2203